STRENGTH OF MATERIALS (Record no. 7763)
[ view plain ]
| 000 -LEADER | |
|---|---|
| fixed length control field | 00322nam a2200145Ia 4500 |
| 003 - CONTROL NUMBER IDENTIFIER | |
| control field | OSt |
| 005 - DATE AND TIME OF LATEST TRANSACTION | |
| control field | 20240307145103.0 |
| 008 - FIXED-LENGTH DATA ELEMENTS--GENERAL INFORMATION | |
| fixed length control field | 170524s9999 xx 000 0 und d |
| 020 ## - INTERNATIONAL STANDARD BOOK NUMBER | |
| International Standard Book Number | 978-3030596668 |
| 040 ## - CATALOGING SOURCE | |
| Transcribing agency | IIMTU MEERUT |
| 100 ## - MAIN ENTRY--PERSONAL NAME | |
| Personal name | SINGH- D. K. |
| 245 #0 - TITLE STATEMENT | |
| Title | STRENGTH OF MATERIALS |
| 260 ## - PUBLICATION, DISTRIBUTION, ETC. | |
| Name of publisher, distributor, etc. | Ane |
| 942 ## - ADDED ENTRY ELEMENTS (KOHA) | |
| Source of classification or shelving scheme | |
| Koha item type | Book Bank |
| Withdrawn status | Lost status | Source of classification or shelving scheme | Damaged status | Not for loan | Home library | Current library | Date acquired | Full call number | Barcode | Date last seen | Price effective from | Koha item type |
|---|---|---|---|---|---|---|---|---|---|---|---|---|
| IIMT University Central Library Meerut | IIMT University Central Library Meerut | 06/01/2017 | R | 01-B-81060 | 06/01/2017 | 06/01/2017 | Reference Book | |||||
| IIMT University Central Library Meerut | IIMT University Central Library Meerut | 06/01/2017 | 01-B-81061 | 06/01/2017 | 06/01/2017 | Book Bank | ||||||
| IIMT University Central Library Meerut | IIMT University Central Library Meerut | 06/01/2017 | R | 01-B-81062 | 06/01/2017 | 06/01/2017 | Reference Book | |||||
| IIMT University Central Library Meerut | IIMT University Central Library Meerut | 06/01/2017 | 01-B-81063 | 06/01/2017 | 06/01/2017 | Book Bank | ||||||
| IIMT University Central Library Meerut | IIMT University Central Library Meerut | 06/01/2017 | R | 01-B-81064 | 06/01/2017 | 06/01/2017 | Reference Book | |||||
| IIMT University Central Library Meerut | IIMT University Central Library Meerut | 06/01/2017 | 01-B-81065 | 06/01/2017 | 06/01/2017 | Book Bank | ||||||
| IIMT University Central Library Meerut | IIMT University Central Library Meerut | 06/01/2017 | 01-B-81066 | 06/01/2017 | 06/01/2017 | Book Bank | ||||||
| IIMT University Central Library Meerut | IIMT University Central Library Meerut | 06/01/2017 | 01-B-81067 | 06/01/2017 | 06/01/2017 | Book Bank |

